Испытание отечественной ионообменной смолы Токем-281 для оценки возможности импортозамещения в процессе очистки от кальция технологических растворов хлорида лития; Химия и химическая технология в XXI веке; Т. 2

Bibliografske podrobnosti
Parent link:Химия и химическая технология в XXI веке: материалы XXVI Международной научно-практической конференции студентов и молодых ученых имени выдающихся химиков Л. П. Кулёва и Н. М. Кижнера, посвященной 125-летию со дня рождения профессора Л. П. Кулёва, 19-23 мая 2025 г., г. Томск/ Национальный исследовательский Томский политехнический университет.— .— Томск: Изд-во ТПУ, 2025
Т. 2.— 2025.— С. 44-45
Glavni avtor: Нелюбова Д. М.
Drugi avtorji: Мостовщиков А. В. Андрей Владимирович (научный руководитель)
Izvleček:Заглавие с экрана
Текстовый файл
Jezik:ruščina
Izdano: 2025
Teme:
Online dostop:http://earchive.tpu.ru/handle/11683/135276
Format: Elektronski Book Chapter
KOHA link:https://koha.lib.tpu.ru/cgi-bin/koha/opac-detail.pl?biblionumber=684780

MARC

LEADER 00000naa2a2200000 4500
001 684780
005 20260325142912.0
090 |a 684780 
100 |a 20260210d2025 k||y0rusy50 ca 
101 0 |a rus 
102 |a RU 
135 |a drcn ---uucaa 
200 1 |a Испытание отечественной ионообменной смолы Токем-281 для оценки возможности импортозамещения в процессе очистки от кальция технологических растворов хлорида лития  |f Д. М. Нелюбова  |g науч. рук. А. В. Мостовщиков 
300 |a Заглавие с экрана 
320 |a Список литературы: 2 назв 
336 |a Текстовый файл 
461 1 |0 684476  |9 684476  |t Химия и химическая технология в XXI веке  |o материалы XXVI Международной научно-практической конференции студентов и молодых ученых имени выдающихся химиков Л. П. Кулёва и Н. М. Кижнера, посвященной 125-летию со дня рождения профессора Л. П. Кулёва, 19-23 мая 2025 г., г. Томск  |f Национальный исследовательский Томский политехнический университет  |c Томск  |d 2025  |n Изд-во ТПУ 
463 1 |0 684479  |9 684479  |t Т. 2  |d 2025  |v С. 44-45  |u conference_tpu-2025-C27_V2.pdf 
545 1 |a Химическая технология редких, рассеянных и радиоактивных элементов 
610 1 |a труды учёных ТПУ 
610 1 |a электронный ресурс 
610 1 |a ионообменная смола 
610 1 |a Токем-281 
610 1 |a импортозамещение 
610 1 |a кальций 
610 1 |a технологические растворы  
610 1 |a хлорид лития 
700 1 |a Нелюбова  |b Д. М. 
702 1 |a Мостовщиков  |b А. В.  |c химик  |c старший научный сотрудник, профессор Томского политехнического университета, доктор технических наук  |f 1989-  |g Андрей Владимирович  |4 727 
801 0 |a RU  |b 63413507  |c 20260210  |g RCR 
850 |a 63413507 
856 4 0 |u http://earchive.tpu.ru/handle/11683/135276  |z http://earchive.tpu.ru/handle/11683/135276 
942 |c CF